Protection and development of lower Colorado River basin. (Record no. 26468)
[ view plain ]
| 000 -LEADER | |
|---|---|
| fixed length control field | 01235cam a22002531 4500 |
| 001 - CONTROL NUMBER | |
| control field | gs 26000215 |
| 003 - CONTROL NUMBER IDENTIFIER | |
| control field | DLC |
| 005 - DATE AND TIME OF LATEST TRANSACTION | |
| control field | 20260227111330.0 |
| 008 - FIXED-LENGTH DATA ELEMENTS--GENERAL INFORMATION | |
| fixed length control field | 070318s1924 dcu f000 0 eng c |
| 010 ## - LIBRARY OF CONGRESS CONTROL NUMBER | |
| LC control number | gs 26000215 |
| Canceled/invalid LC control number | 2007618136 |
| 040 ## - CATALOGING SOURCE | |
| Original cataloging agency | U. S. Geol. Survey. Library |
| Transcribing agency | DLC |
| Modifying agency | DLC |
| 043 ## - GEOGRAPHIC AREA CODE | |
| Geographic area code | n-usp-- |
| 050 00 - LIBRARY OF CONGRESS CALL NUMBER | |
| Classification number | KF27 |
| Item number | .I7 1923 |
| 110 1# - MAIN ENTRY--CORPORATE NAME | |
| Corporate name or jurisdiction name as entry element | United States. |
| Subordinate unit | Congress. |
| -- | House. |
| -- | Committee on Irrigation and Reclamation. |
| 245 10 - TITLE STATEMENT | |
| Title | Protection and development of lower Colorado River basin. |
| Remainder of title | Information presented to the Committee on Irrigation and Reclamation, House of Representatives, Sixty-eighth Congress, first session, in connection with H. R. 2903 by Mr. Swing. A bill to provide for the protection and development of the lower Colorado River basin. Hearings before the Federal Power Commission ... |
| 260 ## - PUBLICATION, DISTRIBUTION, ETC. | |
| Place of publication, distribution, etc. | Washington, |
| Name of publisher, distributor, etc. | Govt. Print. Off., |
| Date of publication, distribution, etc. | 1924. |
| 300 ## - PHYSICAL DESCRIPTION | |
| Extent | vi, 212 p. |
| Other physical details | incl. tables. |
| Dimensions | 23 cm. |
| 500 ## - GENERAL NOTE | |
| General note | Addison T. Smith, chairman. |
| 651 #0 - SUBJECT ADDED ENTRY--GEOGRAPHIC NAME | |
| Geographic name | Colorado River Watershed (Colo.-Mexico) |
| 651 #0 - SUBJECT ADDED ENTRY--GEOGRAPHIC NAME | |
| Geographic name | Colorado River (Colo.-Mexico) |
| 650 #0 - SUBJECT ADDED ENTRY--TOPICAL TERM | |
| Topical term or geographic name entry element | Hydroelectric power plants |
| Geographic subdivision | Colorado River (Colo.-Mexico). |
| 650 #0 - SUBJECT ADDED ENTRY--TOPICAL TERM | |
| Topical term or geographic name entry element | Water-supply |
| Geographic subdivision | Arizona. |
| 710 1# - ADDED ENTRY--CORPORATE NAME | |
| Corporate name or jurisdiction name as entry element | United States. |
| Subordinate unit | Federal Power Commission. |
No items available.